| 000 | 00757nam a22001937a 4500 | ||
|---|---|---|---|
| 005 | 20260203162311.0 | ||
| 020 | _a978-9334190939 | ||
| 100 |
_aVijitha Robinson _91235 |
||
| 100 |
_aPrathibha S Nair _91232 |
||
| 100 |
_aKailas Sree Chandran _91234 |
||
| 245 | _aFoundations of Computing: From Hardware Essentials to Web Design | ||
| 250 | _a1 | ||
| 260 |
_aSourabhya Technical Publications _bTrivandrum _c2025 |
||
| 300 |
_aPrint length : 352 pages _bItem Weight : 250 g Dimensions : 20.98 x 17 x 2 cm |
||
| 520 | _aTextbook for the subject Foundations of Computing: From Hardware Essentials to Web Design, GXEST203, Semester 2 B.Tech KTU 2024 Scheme. | ||
| 546 | _aLanguage : English | ||
| 650 |
_aCSE _914 |
||
| 942 | _cBK | ||
| 999 |
_c38175 _d38175 |
||